000 00456nam a2200181Ia 4500
005 20240823030123.0
008 240823s9999||||xx |||||||||||||| ||und||
041 _aENGLISH
082 _A303.234 M9
100 _aRay Williams et al.
245 0 _aCommunicztion In English For Technical Students
250 _a1st
260 _c1989
_b"Orient Longman,Calcutta"
500 _aYES
650 _aCommunication
_bEnglish
942 _cBK
999 _c187940
_d187940